Literal Word Ladder Quiz Stats

Quiz Updated Aug 24, 2016

Also try: Leaping Ladder
Challenge
Share
Tweet
Score 0/32 Timer 07:00
4 Plays Today
% Correct
❖DOWN!❖
99.6%
TOWN
98.9%
TORN
96.2%
TURN
93.6%
BURN
93.3%
BURG
92.3%
SAND
89.8%
❖RUNG❖
88.4%
RANG
88%
SANG
87.6%
LOUD
83.4%
BUNG
82.2%
LAND
81.7%
STOP
79.3%
❖STEP❖
79%
LAUD
78.2%
% Correct
BEEP
77.9%
CHOP
77.9%
SHOP
77.5%
DAWN
77.1%
COOP
76.5%
❖GO UP!❖
76.2%
BEAT
75.7%
BEET
75.5%
SEEP
75%
BEAN
72.7%
GOUT
72%
BERN
71.9%
DARN
71.8%
COUP
71%
LOUT
70.1%
DERN
69%

You're not logged in!

Compare scores with friends on all Sporcle quizzes.
Join for Free
OR
Log In

You Might Also Like...

Show Comments

Extras

Top Quizzes Today


Score Distribution

Your Account Isn't Verified!

In order to create a playlist on Sporcle, you need to verify the email address you used during registration. Go to your Sporcle Settings to finish the process.

Report this User

Report this user for behavior that violates our Community Guidelines.

Details: